000 00465cam a2200157 4500500
005 20251012032552.0
041 _afre
042 _adc
100 1 0 _aAlves, Castro
_eauthor
700 1 0 _a Le Moing, Monique
_eauthor
245 0 0 _aMeu segredo / Mon secret
260 _c2006.
500 _a76
786 0 _nSigila | 17 | 1 | 2006-06-20 | p. 206-207 | 1286-1715
856 4 1 _uhttps://shs.cairn.info/revue-sigila-2006-1-page-206?lang=fr&redirect-ssocas=7080
999 _c1547702
_d1547702